[Event "BAN Games Rapid (Women) 9th"]
[Site "Dhaka"]
[Date "2021.04.02"]
[Round "5.3"]
[White "Talukder, Umme Taslima Protiv"]
[Black "Kazi Zarin, Tasnim"]
[Result "1-0"]
[WhiteElo "1722"]
[BlackElo "1790"]
[PlyCount "59"]
[EventDate "2021.04.02"]
[EventType "swiss (rapid)"]
[EventRounds "9"]
[EventCountry "BAN"]
[SourceTitle "CBM 201 Extra"]
[Source "ChessBase"]
[SourceDate "2021.05.31"]
[SourceVersion "1"]
[SourceVersionDate "2021.05.31"]
[SourceQuality "1"]

1. d4 d5 2. c4 e5 3. dxe5 d4 4. Nf3 Nc6 5. a3 Bg4 6. Nbd2 Nge7 7. g3 Ng6 8. Bg2 Rb8 9. 0-0 Ngxe5 10. h3 Be6 11. Nxe5 Nxe5 12. Qa4+ c6 13. f4 Nd7 14. f5 Nb6 15. Qc2 Bc8 16. Ne4 Be7 17. Bd2 Nd7 18. Bf4 Ra8 19. Nd6+ Bxd6 20. Bxd6 Nf6 21. c5 Bd7 22. Rad1 Qa5 23. Rxd4 Kd8 24. e4 Kc8 25. Rfd1 Be8 26. Be7 b6 27. Ra4 Qb5 28. Bf1 Qxa4 29. Qxa4 Kb7 30. Qa6+ 1-0

[Event "BAN Games Rapid (Women) 9th"]
[Site "Dhaka"]
[Date "2021.04.02"]
[Round "6.2"]
[White "Talukder, Umme Taslima Protiv"]
[Black "Noshin, Anjum"]
[Result "0-1"]
[WhiteElo "1722"]
[BlackElo "1912"]
[PlyCount "54"]
[EventDate "2021.04.02"]
[EventType "swiss (rapid)"]
[EventRounds "9"]
[EventCountry "BAN"]
[SourceTitle "CBM 201 Extra"]
[Source "ChessBase"]
[SourceDate "2021.05.31"]
[SourceVersion "1"]
[SourceVersionDate "2021.05.31"]
[SourceQuality "1"]

1. d4 d5 2. c4 c6 3. Nc3 Nf6 4. e3 e6 5. Nf3 Nbd7 6. Bd3 dxc4 7. Bxc4 b5 8. Be2 a6 9. a3 c5 10. 0-0 Bb7 11. b3 Be7 12. Bb2 0-0 13. Rc1 Rc8 14. Qd2 Ne4 15. Nxe4 Bxe4 16. a4 bxa4 17. bxa4 Qb6 18. Ba3 Rfe8 19. a5 Qb7 20. Rfd1 h6 21. h3 Bd5 22. Rb1 Qc6 23. dxc5 Nxc5 24. Rb6 Qa4 25. Bxc5 Bxc5 26. Bxa6 Bxb6 27. Bxc8 Bxa5 0-1

[Event "BAN-ch (Women) 39th"]
[Site "Dhaka"]
[Date "2019.09.25"]
[Round "7"]
[White "Talukder, Umme Taslima Protiv"]
[Black "Wadifa, Ahmed"]
[Result "0-1"]
[WhiteElo "1671"]
[BlackElo "1362"]
[PlyCount "141"]
[EventDate "2019.09.19"]
[EventType "swiss"]
[EventRounds "9"]
[EventCountry "BAN"]
[SourceTitle "CBM 195 Extra"]
[Source "ChessBase"]
[SourceDate "2020.05.31"]
[SourceVersion "1"]
[SourceVersionDate "2020.05.31"]
[SourceQuality "1"]

1. d4 Nf6 2. c4 g6 3. Nc3 Bg7 4. Nf3 0-0 5. e4 d6 6. Be2 e5 7. d5 Nbd7 8. 0-0 a5 9. Be3 Ng4 10. Bd2 f5 11. h3 Ngf6 12. exf5 gxf5 13. Qc2 Nc5 14. Nh2 Kh8 15. f4 exf4 16. Bxf4 Nfe4 17. Nf3 Nxc3 18. bxc3 Ne4 19. Nd4 Qf6 20. Rad1 Bd7 21. Bf3 Rae8 22. Rfe1 Ng5 23. Be2 Qg6 24. Rd3 Re4 25. Qd2 Bf6 26. h4 Nf7 27. h5 Qg7 28. Bf3 Rxe1+ 29. Qxe1 Ne5 30. h6 Nxf3+ 31. Nxf3 Qg4 32. Qd2 Re8 33. Nd4 Bxd4+ 34. Kf1 Be5 35. Rf3 Bxf4 36. Rxf4 Qg5 37. Qd4+ Kg8 38. Kf2 c5 39. dxc6 Bxc6 40. g3 Qe7 41. Qd2 Qe5 42. Rd4 Re6 43. Qg5+ Rg6 44. Qf4 Qxf4+ 45. Rxf4 Rf6 46. g4 Kf7 47. gxf5 Rxh6 48. Ke3 Rf6 49. Kd4 Bd7 50. Rh4 Bxf5 51. c5 h6 52. Kd5 dxc5 53. Kxc5 Bd7 54. c4 a4 55. Kd4 Kg6 56. c5 Kg5 57. Rh1 Rf4+ 58. Ke5 Bc6 59. Rg1+ Rg4 60. Rf1 h5 61. Rf5+ Kh4 62. Kf6 Rg2 63. a3 Rg3 64. Rf4+ Kh3 65. Kf5 h4 66. Kf6 Rg4 67. Rf2 Kg3 68. Rd2 h3 69. Kf5 Be4+ 70. Ke5 h2 71. Kd4 0-1

[Event "BAN-ch (Women) 38th"]
[Site "Dhaka"]
[Date "2018.08.18"]
[Round "9"]
[White "Talukder, Umme Taslima Protiv"]
[Black "Kazi Zarin, Tasnim"]
[Result "0-1"]
[WhiteElo "1659"]
[BlackElo "1539"]
[PlyCount "95"]
[EventDate "2018.08.08"]
[EventType "swiss"]
[EventRounds "9"]
[EventCountry "BAN"]
[SourceTitle "EXT 2019"]
[Source "ChessBase"]
[SourceDate "2018.10.10"]
[SourceVersion "1"]
[SourceVersionDate "2018.10.10"]
[SourceQuality "1"]

1. d4 d5 2. c4 c6 3. e3 Nf6 4. Nc3 e6 5. cxd5 exd5 6. Nf3 Be7 7. Bd3 Nbd7 8. b3 0-0 9. 0-0 Re8 10. e4 dxe4 11. Nxe4 Bf8 12. Re1 g6 13. Bg5 Be7 14. Ng3 Nd5 15. Bxe7 Rxe7 16. Ne5 Qe8 17. Nc4 N7f6 18. Ne5 Be6 19. Bc4 Rd8 20. Qd2 Nb6 21. Qc3 Nfd7 22. Ne4 Rb8 23. Nd6 Qf8 24. Bxe6 fxe6 25. Ne4 Nxe5 26. dxe5 Nd5 27. Qg3 Rd8 28. Rad1 Red7 29. Rd3 Qe7 30. h3 Rf8 31. Red1 Rdd8 32. Nd6 Nf4 33. R3d2 Nd5 34. Rd4 Qg7 35. f4 Qe7 36. Kh2 Nb6 37. R4d2 Nd5 38. Rd4 a6 39. a3 Nb6 40. Nf7 Qxf7 41. Rxd8 Rxd8 42. Rxd8+ Kg7 43. Rd4 Nd5 44. Qf3 Qf5 45. g4 Qc2+ 46. Kg3 Qc1 47. Rd1 Qb2 48. Qg2 0-1

[Event "BAN-ch (Women) 38th"]
[Site "Dhaka"]
[Date "2018.08.09"]
[Round "2"]
[White "Sadia, Afrin Samia"]
[Black "Talukder, Umme Taslima Protiv"]
[Result "0-1"]
[WhiteElo "1394"]
[BlackElo "1659"]
[PlyCount "88"]
[EventDate "2018.08.08"]
[EventType "swiss"]
[EventRounds "9"]
[EventCountry "BAN"]
[SourceTitle "EXT 2019"]
[Source "ChessBase"]
[SourceDate "2018.10.10"]
[SourceVersion "1"]
[SourceVersionDate "2018.10.10"]
[SourceQuality "1"]

1. e4 c5 2. Nf3 d6 3. Nc3 Nf6 4. Bc4 Nc6 5. h3 e6 6. d4 d5 7. exd5 exd5 8. Bb5 a6 9. Bxc6+ bxc6 10. dxc5 Bxc5 11. 0-0 0-0 12. Bg5 h6 13. Bh4 Re8 14. Na4 Ba7 15. b3 Re4 16. c4 d4 17. c5 Bf5 18. Bg3 Qd5 19. Rc1 Rae8 20. Rc4 Rd8 21. Bd6 Ne8 22. Rxd4 Rxd4 23. Qxd4 Rxd6 24. Qe3 Re6 25. Qc1 Bxh3 26. Nc3 Qh5 27. Qf4 Rg6 28. Ne1 Bxc5 29. Qc4 Bd6 30. Qe2 Nf6 31. Qxh5 Nxh5 32. Kh1 Be6 33. Ne4 Bc7 34. Nf3 Bd5 35. Ned2 Nf4 36. g3 Ne2 37. Kh2 Rf6 38. Ng1 Nxg1 39. Kxg1 Re6 40. Nb1 Ba5 41. Na3 Re2 42. Rc1 Bb6 43. Rc2 Re1+ 44. Kh2 Rh1# 0-1